000
00319 a2200157 4500
001
182775
020
_a
040
_c
Magnum
100
_a
Rangel, Flávio
240
1
0
_a
Liberdade liberdade
_l
por
245
1
0
_a
Liberdade liberdade
300
_a
127
362
0
_a
1987
697
_a
LITERATURA GERAL
942
_c
BK
999
_c
182775
_d
182775